Detalles MARC
| 000 -CABECERA |
| campo de control de longitud fija |
00941nam a2200217 a 4500 |
| 001 - NÚMERO DE CONTROL |
| campo de control |
000015980 |
| 005 - FECHA Y HORA DE LA ÚLTIMA TRANSACCIÓN |
| campo de control |
20200929164226.0 |
| 008 - DATOS DE LONGITUD FIJA--INFORMACIÓN GENERAL |
| campo de control de longitud fija |
100222s1981 dr a 000 0 spa d |
| 040 ## - FUENTE DE LA CATALOGACIÓN |
| Centro catalogador/agencia de origen |
DO-SdBNP |
| Lengua de catalogación |
spa |
| Centro/agencia transcriptor |
BNPHU |
| 082 ## - NÚMERO DE LA CLASIFICACIÓN DECIMAL DEWEY |
| Número de clasificación |
370 |
| Número de documento/Ítem |
S612d |
| 049 ## - FONDOS LOCALES (OCLC) |
| Fondos de biblioteca |
BNPD |
| 111 1# - ENTRADA PRINCIPAL--NOMBRE DE CONGRESO/REUNIÓN |
| Nombre de congreso/reunión o jurisdicción como elemento de entrada |
Simposio dominicano de psicología educativa |
| Número del congreso/reunión o número de parte o sección |
(1: |
| Fecha del congreso/reunión |
1981: abril 29-30 |
| Sede del congreso/Lugar de la reunión |
Santo Domingo) |
| 9 (RLIN) |
35898 |
| 245 10 - MENCIÓN DE TÍTULO |
| Título |
Ponencias del I simposio dominicano de psicología educativa / |
| Mención de responsabilidad, etc. |
Patria L. de Silva...[ et. al] ; presentación Minerva vincent de Camilo. |
| 260 ## - PUBLICACIÓN, DISTRIBUCIÓN, ETC. |
| Lugar de publicación, distribución, etc. |
Santo Domingo : |
| Nombre del editor, distribuidor, etc. |
Acociación Dominicana de Psicología, |
| Fecha de publicación, distribución, etc. |
1981. |
| 300 ## - DESCRIPCIÓN FÍSICA |
| Extensión |
202 p. ; : |
| Otras características físicas |
il. ; |
| Dimensiones |
20 cm. |
| 504 ## - NOTA DE BIBLIOGRAFÍA, ETC. |
| Nota de bibliografía, etc. |
Incluye bibliografía : p. 17, 29, 43, 201-202 |
| 650 #4 - PUNTO DE ACCESO ADICIONAL DE MATERIA--TÉRMINO DE MATERIA |
| Término de materia o nombre geográfico como elemento de entrada |
Psicopedagogía |
| Subdivisión general |
Congresos, conferencias, etc. |
| 9 (RLIN) |
35899 |
| 650 #4 - PUNTO DE ACCESO ADICIONAL DE MATERIA--TÉRMINO DE MATERIA |
| Término de materia o nombre geográfico como elemento de entrada |
Educación |
| Subdivisión geográfica |
República Dominicana |
| Subdivisión general |
Congresos, conferencias, etc. |
| 9 (RLIN) |
35900 |
| 700 1# - PUNTO DE ACCESO ADICIONAL--NOMBRE DE PERSONA |
| Nombre de persona |
L. de Silva, Patria |
| 9 (RLIN) |
35901 |
| 700 1# - PUNTO DE ACCESO ADICIONAL--NOMBRE DE PERSONA |
| Nombre de persona |
Vincent de Camilo, Minerva |
| 9 (RLIN) |
35902 |